| 000 | 00803cab a2200253 4500 | ||
|---|---|---|---|
| 001 | ABS53256 | ||
| 008 | 090401t1995 xxu||||| |||| 00| 0 eng d | ||
| 035 | _a(Sirsi) u3005 | ||
| 041 | _aeng | ||
| 100 | _aKirkwood, J. | ||
| 245 | _aInformation systems review: Estate Computer Systems | ||
| 260 | _c1995 | ||
| 350 | _a0 | ||
| 490 |
_aEstates Gazette _v(9528) 15 July 1995, 58-60(3) |
||
| 520 | _aInvestigates the Property Portfolio Management System from Estate Computer Systems and rates its performance. | ||
| 650 | _aCOMPUTERS | ||
| 650 | _aESTATE COMPUTER SYSTEMS | ||
| 650 |
_aProperty management _96262 |
||
| 650 | _aPROPERTY PORTFOLIO MANAGEMENT SYSTEM | ||
| 650 | _aSOFTWARE | ||
| 690 | _aMANAGEMENT-BUSINESS MANAGEMENT-INFORMATION MANAGEMENT | ||
| 942 | _n0 | ||
| 948 | _c04/03/1997 | ||
| 999 |
_c1811 _d1811 |
||